02420nam a2200349Ia 450000500170000000800390001704000560005604100080011204100080012024500570012826000630018530000230024850000680027150001270033950003270046650801840079351102330097751102250121051101940143565000560162965000270168565000200171265000150173270000360174770000370178371000360182071000230185671000210187976500180190085600630191885600890198120140903105450.0130821s1972 xxua gs 0 m eng aCO-BoUCMbspacJose A. Gerena (modificó)d[Nuevo]0 aeng0 aspa03aEl padrinoh[DVD]cdirigida por Francis Ford Coppola aWashington D.C. (Estados Unidos)bParamount Picturesc1972 a4 DVD, 763 minutos aBasada en la novela "El Padrino" (The Godfather) de Mario Puzo. aDVD 1: El Padrino: Parte I . -- DVD 2: El Padrino: Parte II. -- DVD 3: El Padrino: Parte III. -- DVD 4: Material adicional aSINOPSIS : Narra la vida de Don Vito Corleone, jefe de una de las cinco familias que ejercen el mando de la Cosa Nostra en la ciudad de Nueva York en los años 40, representa la experiencia de los inmigrantes (en su caso italianos) a los Estados Unidos y al mismo tiempo expone las contradicciones del "sueño americano" aCRÉDITOS : Director, Francis Ford Coppola ; fotografía, Gordon Willis ; guión: Francis Ford Coppola & Mario Puzo (novela: Mario Puzo) ; música: Nino Rota & Carmine Coppola0 aEl Padrino. Parte I : Marlon Brando, Al Pacino, James Caan, Robert Duvall, Diane Keaton, John Cazale, Talia Shire, Richard Castellano, Sterling Hayden, Gianni Russo, Rudy Bond, John Marley, Richard Conte, Al Lettieri, Abe Vigoda0 aEl Padrino. Parte II : Al Pacino, Robert De Niro, Diane Keaton, Robert Duvall, James Caan, John Cazale, Lee Strasberg, Talia Shire, Mariana Hill, Danny Aiello, Harry Dean Stanton, Troy Donahue, Roger Corman, Morgana King0 aEl Padrino. Parte III: Al Pacino, Diane Keaton, Andy García, Joe Mantegna, Talia Shire, Eli Wallach, Sofia Coppola, George Hamilton, Raf Vallone, Bridget Fonda, Helmut Berger, John Savage04aPelículas cinematográficaszEstados UnidosvDVD04aCrimen organizadovDVD04aEntretenimiento04aMafiavDVD1 aFord Coppola, Francisedirector1 aPuzo, Mario Gianluigid1920-19992 aFrancis Ford Coppola Production2 aParamount Pictures2 aRuddy Production1 tThe Godfather40zVer el traileruhttp://www.youtube.com/watch?v=OfnUvYn6HoM40uhttp://www.youtube.com/watch?v=OfnUvYn6HoMzSiga este vínculo para ver el trailer.